000 00333 a2200157 4500
001 180921
020 _a
040 _cMagnum
100 _aRey, Marcos
240 1 0 _aProclamacao da republica
_lpor
245 1 0 _aProclamacao da republica
362 0 _a1899
440 1 _aÁtica
697 _aMAGNITO: PARADIDATICO
942 _cBK
999 _c180921
_d180921